000 00749nam a2200241 i 4500
001 60049
003 ES-MaACL
005 20250827062607.0
007 t|
008 031103s1986 sp l |||| | spa d
020 _a84-7398-441-2
110 1 _aEspaña
_93622
243 1 0 _aLeyes, etc., de administración pública
245 1 0 _aCódigo de las leyes administrativas /
_cEduardo García de Enterría, José A. Escalante.
250 _a6ª ed.
260 _aMadrid :
_bCivitas,
_c1986.
300 _a2383 p. ;
_c25 cm.
650 7 _aDerecho administrativo-
_zEspaña
_2
_9145992
700 1 _aGarcía de Enterría, Eduardo.
_954425
700 1 _aEscalante, José A.
_947466
852 _aES-MaACL
_jL-10599
999 _c60049
_d60049